|
|
|
|
| LEADER |
01520nam a22002777a 4500 |
| 001 |
41076 |
| 003 |
BD-DhAAL |
| 008 |
230404r20201996bg ||||| |||| 00| 0 ben d |
| 020 |
|
|
|a 9847008400439
|
| 040 |
|
|
|a BD-DhAAL
|c BD-DhAAL
|
| 041 |
|
|
|a ben
|
| 082 |
|
|
|a 808.545
|2 23
|
| 100 |
|
|
|a মণ্ডল, নিমাই
|9 54001
|
| 245 |
|
|
|a আবৃত্তির কলাকৌশল /
|c নিমাই মণ্ডল.
|
| 246 |
|
|
|a Aabritir kalakaushal
|
| 246 |
|
|
|a The artistic skills of recitation
|
| 264 |
|
|
|a ঢাকা :
|b শোভা প্রকাশ,
|c ১৯৯৬ [পরিবর্ধিত দ্বিতীয় শোভা প্রকাশ সংস্করণ ২০২০].
|
| 300 |
|
|
|a ১২৭ পৃষ্ঠা ;
|c ২২ সে.মি.
|
| 541 |
|
|
|a Complimentary copy from Nemai Chandra Mondal
|e 41076, 42729
|
| 650 |
|
|
|a Poetry
|x Recitation.
|9 54003
|
| 650 |
|
|
|a Recitation (Education).
|9 54002
|
| 852 |
|
|
|a Ayesha Abed Library
|
| 942 |
|
|
|2 ddc
|c BK
|
| 999 |
|
|
|c 45644
|d 45644
|
| 952 |
|
|
|0 0
|1 0
|2 ddc
|4 0
|6 808_545000000000000_MON
|7 0
|9 73499
|a SCL
|b SCL
|c GEN
|d 2023-04-04
|e Complimentary copy from Nemai Chandra Mondal
|g 250.00
|l 5
|m 1
|o 808.545 MON
|p 3020041076
|r 2025-12-07
|s 2025-12-03
|t 1
|w 2023-04-04
|y BK
|x Complimentary copy from Nemai Chandra Mondal
|
| 952 |
|
|
|0 0
|1 0
|2 ddc
|4 0
|6 808_545000000000000_MON
|7 0
|9 75689
|a BRACUL
|b BRACUL
|c GEN
|d 2024-06-25
|e Complimentary copy from Nemai Chandra Mondal
|g 250.00
|l 0
|o 808.545 MON
|p 3010042729
|r 2024-06-25
|t 2
|w 2024-06-25
|y BK
|x Complimentary copy from Nemai Chandra Mondal
|